A Novotel Hotel Szeged Housekeeping részlegének működése

Bibliográfiai részletek
Szerző: Bán Edina
További közreműködők: Bártfai Endre György
Dokumentumtípus: Projektmunka
Kulcsszavak:fenntarthatóság
housekeeping
Novotel
szállodaipar
Szeged
Online Access:http://dolgozattar.uni-bge.hu/60002

MARC

LEADER 00000nnm a2200000 i 4500
001 dolg60002
005 20260409145845.0
008 260409suuuu hu o 000 hun d
040 |a BGE Dolgozattár Repozitórium  |b hun 
041 |a hu 
100 1 |a Bán Edina 
245 1 2 |a A Novotel Hotel Szeged Housekeeping részlegének működése  |c Bán Edina  |h [elektronikus dokumentum] 
516 |a Project_work 
520 3 |a A dolgozatom a szállodai housekeeping részleg működését és jelentőségét mutatja be. Elsődlegesen a szobalányi tevékenységet vizsgálja. Célja, hogy bemutassa a housekeeping részleg alapvető feladatait, szervezeti struktúráját, valamint a hatékony működéshez szükséges munkafolyamatokat. A dolgoztom témáját a szegedi Novotel Hotel működésén keresztül mutatom be. A vizsgálataim során elemzésre kerülnek a szükséges technológiai és fenntarthatósági lehetőségek, amik az optimális műküdést teszik lehetővé. Emellett gyakorlati tapasztalatokon alapuló javaslatokat teszek az optimális működés eléréséhez. 
695 |a fenntarthatóság 
695 |a housekeeping 
695 |a Novotel 
695 |a szállodaipar 
695 |a Szeged 
700 1 |a Bártfai Endre György  |e ths 
856 4 0 |u http://dolgozattar.uni-bge.hu/60002/1/PROJEKTMUNKA_B%C3%A1n%20Edina_vegleges_.pdf  |z Dokumentum-elérés 
856 4 0 |u http://dolgozattar.uni-bge.hu/60002/2/B%C3%A1n%20Edina_Projektmunka_B%C3%ADr%C3%A1lati%20lap_FOSZK_B%C3%A1rtfai%20Endre.pdf  |z Dokumentum-elérés